000 00311nam a2200145Ia 4500
100 _aAnderson James A
942 _cBK
654 _acomputer
245 _aAn Introduction to Neural Networks
260 _bPrentice Hall
_c1998
082 _a4.65
_bAND
300 _a650
546 _aENGLISH
999 _c30757
_d30757